000 00263nam a2200109Ia 4500
008 230907s9999||||xx |||||||||||||| ||und||
082 _a657.0994
_bFIN
245 0 _aFinancial accounting /
260 _aWiley,
_bAustralia :
_c2012
300 _a897 p.
942 _cBK
999 _c600968
_d600968